| 000 | 00480nam a22001457a 4500 | ||
|---|---|---|---|
| 008 | 141121b xxu||||| |||| 00| 0 eng d | ||
| 020 | _a9780281058563 | ||
| 050 | _aBR115.P7L695 2008 | ||
| 245 |
_aLiberating texts? _bsacred scriptures in public life _cSebastian C. H. Kim |
||
| 260 |
_aLondon _bSPCK _c2008 |
||
| 300 |
_axxii, 150p. ; _c 23cm. |
||
| 650 |
_aChurch and politics _xBiblical teaching _912788 |
||
| 700 |
_aKim, Sebastian C. H. (ed.) _912787 |
||
| 942 |
_2lcc _cMONOGRAPH |
||
| 999 |
_c121297 _d121297 |
||